What does the Lord require? : (Record no. 9242)
[ view plain ]
| 000 -LEADER | |
|---|---|
| fixed length control field | 02563cam a22003254a 4500 |
| 001 - CONTROL NUMBER | |
| control field | 15506326 |
| 003 - CONTROL NUMBER IDENTIFIER | |
| control field | GBCCL |
| 005 - DATE AND TIME OF LATEST TRANSACTION | |
| control field | 20241126110708.0 |
| 008 - FIXED-LENGTH DATA ELEMENTS--GENERAL INFORMATION | |
| fixed length control field | 081031s2009 miu b 001 0 eng |
| 010 ## - | |
| -- | 2008046647 |
| 020 ## - INTERNATIONAL STANDARD BOOK NUMBER | |
| International Standard Book Number | 9780801036361 (pbk.) |
| 020 ## - INTERNATIONAL STANDARD BOOK NUMBER | |
| International Standard Book Number | 0801036364 (pbk.) |
| 035 ## - SYSTEM CONTROL NUMBER | |
| System control number | (OCoLC)ocn263988426 |
| 040 ## - CATALOGING SOURCE | |
| Original cataloging agency | DLC |
| Transcribing agency | DLC |
| Modifying agency | BTCTA |
| -- | YDXCP |
| -- | C#P |
| -- | BWX |
| -- | IOT |
| -- | CDX |
| -- | SGB |
| -- | DLC |
| 050 00 - | |
| -- | BS680.E84 |
| -- | K35 2009 |
| 082 00 - DEWEY DECIMAL CLASSIFICATION NUMBER | |
| Classification number | 241 |
| Edition information | 22 |
| Item number | KAI |
| 100 1# - MAIN ENTRY--PERSONAL NAME | |
| Personal name | Kaiser, Walter C., |
| Titles and words associated with a name | Jr. |
| Fuller form of name | (Walter Christian), |
| Dates associated with a name | 1933- |
| 9 (RLIN) | 1431 |
| 245 10 - TITLE STATEMENT | |
| Title | What does the Lord require? : |
| Remainder of title | a guide for preaching and teaching Biblical ethics / |
| Statement of responsibility, etc. | Walter C. Kaiser, Jr. |
| 260 ## - PUBLICATION, DISTRIBUTION, ETC. | |
| Place of publication, distribution, etc. | Grand Rapids, Mich. : |
| Name of publisher, distributor, etc. | Baker Academic, |
| Date of publication, distribution, etc. | c2009. |
| 300 ## - PHYSICAL DESCRIPTION | |
| Extent | 256 p. ; |
| Dimensions | 22 cm. |
| 504 ## - BIBLIOGRAPHY, ETC. NOTE | |
| Bibliography, etc. note | Includes bibliographical references (p. 231-239) and indexes. |
| 505 0# - FORMATTED CONTENTS NOTE | |
| Formatted contents note | The poor, oppressed, and orphans (Isaiah 58) -- Racism and human rights (Genesis 9:18-27 ; James 2:1-13, 25-26) -- Gambling and greed (Matthew 6:19-34) -- Media, entertainment, and pornography (Philippians 4:4-9) -- Adultery (Proverbs 5:15-23) -- Cohabitation and fornication (1 Thessalonians 4:1-8) -- Divorce (Malachi 2:10-16) -- Abortion and stem cell research (Psalm 139:13-18 ; Exodus 21:22-25) -- Homosexuality (Romans 1:24-27) -- Crime and capital punishment (Genesis 9:5-6 ; John 8:1-11) -- Suicide, infanticide, and euthanasia (Job 14:1-6) -- Genetic engineering and artificial reproduction (Genesis 1:26-30 ; 2:15-25) -- Alcoholism and drugs (Proverbs 23:29-35) -- Civil disobedience (Acts 4:1-22) -- War and peace (Romans 13:1-7) -- Wealth, possessions, and economics (Deuteronomy 8:1-20) -- Animan "rights" and factory farms (Isaiah 11:6-9 ; 65:25) -- Care for the environment (Psalm 8:1-9). |
| 520 ## - SUMMARY, ETC. | |
| Summary, etc. | Walter Kaiser connects eighteen key teaching Scriptures to eighteen tough ethical issues, including, for example, poverty with Isaiah 58, genetic engineering with Genesis 1:26-30 and 2:15-25, substance abuse with Proverbs 23:29-35, cohabitation with 1 Thessalonians 4:1-8, and war with Deuteronomy 20:1-20 and Romans 13:1-7. --from publisher description |
| 650 #0 - SUBJECT ADDED ENTRY--TOPICAL TERM | |
| Topical term or geographic name entry element | Ethics in the Bible |
| General subdivision | Study and teaching. |
| 9 (RLIN) | 16069 |
| 650 #0 - SUBJECT ADDED ENTRY--TOPICAL TERM | |
| Topical term or geographic name entry element | Christian ethics |
| General subdivision | Biblical teaching |
| -- | Study and teaching. |
| 9 (RLIN) | 16070 |
| 650 #0 - SUBJECT ADDED ENTRY--TOPICAL TERM | |
| Topical term or geographic name entry element | Preaching. |
| 9 (RLIN) | 404 |
| 906 ## - LOCAL DATA ELEMENT F, LDF (RLIN) | |
| a | 7 |
| b | cbc |
| c | orignew |
| d | 1 |
| e | ecip |
| f | 20 |
| g | y-gencatlg |
| 942 ## - ADDED ENTRY ELEMENTS (KOHA) | |
| Source of classification or shelving scheme | Dewey Decimal Classification |
| Koha item type | Books |
| Koha issues (borrowed), all copies | 16 |
| Withdrawn status | Lost status | Source of classification or shelving scheme | Damaged status | Not for loan | Home library | Current Library | Shelving location | Date acquired | Total checkouts | Full call number | Barcode | Date last seen | Date last checked out | Copy number | Price effective from | Koha item type |
|---|---|---|---|---|---|---|---|---|---|---|---|---|---|---|---|---|
| Dewey Decimal Classification | GRACE BIBLE COLLEGE | GRACE BIBLE COLLEGE | Theology | 2022-06-17 | 23 | 241 KAI | 015685 | 2025-09-16 | 2025-09-10 | c.1 | 2022-06-17 | Books |